000 00798cam a22002657a 4500
003 CHAP
005 20220906114947.0
008 971013s1981 r 00010 d
010 _a23543
011 _a24515
035 _a28614
040 _cCHAP
082 _a634.75
_bC4
100 0 0 _aChilders, Norman Franklin
_eed.
_922327
245 1 4 _aThe strawberry
_b: varieties, culture, pests and control, storage, marketin
260 _aGainesville, Fla. :
_bHorticultural Publications,
_c1981
300 _a594 p.
_b: ilus
500 _aFotocopia
590 _aBATCH-UPD
_b10
_c20130110
_lUCH01
_h2113
590 _aCONVERSION
_b10
_c20130109
_lUCH01
_h1314
650 1 7 _aFresas
_2
_943185
901 _aBK
942 _cLIBRO
949 _a634.75 C4
_bBC
_cLIBRO
_d33724000917662
_eLIBRO
_h59292
_i28614
_si
999 _c23543
_d23543